Monitorovanie správania sa zákazníkov a rozhodovanie sa
Príspevok popisuje princípy teórie hier pre lepšie pochopenie procesov rozhodovania sa a tak isto poukazuje na potrebu sledovania správania sa zákazníka v prostredí maloobchodu. Zároveň predstavuje nástroj Pygmalios analytics a metriky, ktoré sú sledované, agregované a zobrazované v tomto nástroji.
Salvato in:
| Autore principale: | |
|---|---|
| Natura: | Capitolo di libro |
| Lingua: | slovacco |
| Soggetti: | |
| Tags: |
Nessun Tag, puoi essere il primo ad aggiungerne!!
|
MARC
| LEADER | 00000naa$a2200000$$$4500 | ||
|---|---|---|---|
| 001 | 0281596 | ||
| 005 | 20240502074403.4 | ||
| 041 | 0 | |a slo | |
| 044 | |a SK | ||
| 245 | 1 | 0 | |a Monitorovanie správania sa zákazníkov a rozhodovanie sa |c Pavel Gežík |
| 520 | |a Príspevok popisuje princípy teórie hier pre lepšie pochopenie procesov rozhodovania sa a tak isto poukazuje na potrebu sledovania správania sa zákazníka v prostredí maloobchodu. Zároveň predstavuje nástroj Pygmalios analytics a metriky, ktoré sú sledované, agregované a zobrazované v tomto nástroji. | ||
| 610 | 2 | 0 | |a teória hier |
| 610 | 2 | 0 | |a správanie spotrebiteľa |
| 610 | 2 | 0 | |a predaj |
| 610 | 2 | 0 | |a rozhodovanie |
| 100 | 1 | |a Gežík, Pavel, 1983- | |